Detalles MARC
| 000 -CABECERA |
| campo de control de longitud fija |
01132cam a2200289 a 4500 |
| 001 - NÚMERO DE CONTROL |
| campo de control |
000008493 |
| 005 - FECHA Y HORA DE LA ÚLTIMA TRANSACCIÓN |
| campo de control |
20200929161341.0 |
| 008 - DATOS DE LONGITUD FIJA--INFORMACIÓN GENERAL |
| campo de control de longitud fija |
971017s1995 ck 001 p spa |
| 040 ## - FUENTE DE LA CATALOGACIÓN |
| Centro catalogador/agencia de origen |
DO-SdBNP |
| Lengua de catalogación |
spa |
| Centro/agencia transcriptor |
BNPHU |
| 082 ## - NÚMERO DE LA CLASIFICACIÓN DECIMAL DEWEY |
| Número de clasificación |
C861.4 |
| Número de documento/Ítem |
M379v |
| 100 1# - ENTRADA PRINCIPAL--NOMBRE DE PERSONA |
| Nombre de persona |
Martín, Carlos. |
| Fechas asociadas al nombre |
1914- |
| 9 (RLIN) |
22809 |
| 245 10 - MENCIÓN DE TÍTULO |
| Título |
Vida en amor y poesía : |
| Resto del título |
suma poética / |
| Mención de responsabilidad, etc. |
Carlos Martín. |
| 260 ## - PUBLICACIÓN, DISTRIBUCIÓN, ETC. |
| Lugar de publicación, distribución, etc. |
Santafé de Bogotá : |
| Nombre del editor, distribuidor, etc. |
Instituto Caro y Cuervo, |
| Fecha de publicación, distribución, etc. |
1995. |
| 300 ## - DESCRIPCIÓN FÍSICA |
| Extensión |
611 p. ; |
| Dimensiones |
20 cm. |
| 490 1# - MENCIÓN DE SERIE |
| Mención de serie |
La granada entreabierta |
| Designación de volumen o secuencia |
76 |
| 650 #4 - PUNTO DE ACCESO ADICIONAL DE MATERIA--TÉRMINO DE MATERIA |
| Término de materia o nombre geográfico como elemento de entrada |
Poesía colombiana |
| 9 (RLIN) |
3742 |
| 650 #4 - PUNTO DE ACCESO ADICIONAL DE MATERIA--TÉRMINO DE MATERIA |
| Término de materia o nombre geográfico como elemento de entrada |
Poesía amorosa colombia |
| 9 (RLIN) |
22810 |
| 650 #4 - PUNTO DE ACCESO ADICIONAL DE MATERIA--TÉRMINO DE MATERIA |
| Término de materia o nombre geográfico como elemento de entrada |
Literatura colombiana |
| 9 (RLIN) |
1244 |
| 600 14 - PUNTO DE ACCESO ADICIONAL DE MATERIA--NOMBRE DE PERSONA |
| Nombre de persona |
ARTURO, AURELIO, |
| Fechas asociadas al nombre |
1909-1974. |
| Subdivisión general |
POESÍA |
| 9 (RLIN) |
22811 |
| 600 14 - PUNTO DE ACCESO ADICIONAL DE MATERIA--NOMBRE DE PERSONA |
| Nombre de persona |
BARBA JACOB, PORFIRIO, |
| Fechas asociadas al nombre |
1883-1942. |
| Subdivisión general |
POESÍA |
| 9 (RLIN) |
22812 |
| 600 14 - PUNTO DE ACCESO ADICIONAL DE MATERIA--NOMBRE DE PERSONA |
| Nombre de persona |
CARRANZA FERNÁNDEZ, EDUARDO, |
| Fechas asociadas al nombre |
1913-1985. |
| Subdivisión general |
POESÍA |
| 9 (RLIN) |
22813 |
| 600 14 - PUNTO DE ACCESO ADICIONAL DE MATERIA--NOMBRE DE PERSONA |
| Nombre de persona |
CAMACHO RAMÍREZ, ARTURO, |
| Fechas asociadas al nombre |
1910-1982. |
| Subdivisión general |
POESÍA |
| 9 (RLIN) |
22814 |
| 600 14 - PUNTO DE ACCESO ADICIONAL DE MATERIA--NOMBRE DE PERSONA |
| Nombre de persona |
MARTÍN, CARLOS, |
| Fechas asociadas al nombre |
1914 |
| Subdivisión general |
POESÍA |
| 9 (RLIN) |
22815 |
| 600 14 - PUNTO DE ACCESO ADICIONAL DE MATERIA--NOMBRE DE PERSONA |
| Nombre de persona |
SAMPER, DARÍO, |
| Subdivisión general |
1909-1984. |
| Fechas asociadas al nombre |
POESÍA |
| 9 (RLIN) |
22816 |
| 600 14 - PUNTO DE ACCESO ADICIONAL DE MATERIA--NOMBRE DE PERSONA |
| Nombre de persona |
ROJAS CASTRO, JORGE, |
| Fechas asociadas al nombre |
1911-1995. |
| Subdivisión general |
POESÍA |
| 9 (RLIN) |
22817 |
| 830 #0 - PUNTO DE ACCESO ADICIONAL DE SERIE-TÍTULO UNIFORME |
| Título uniforme |
La granada entreabierta ; |
| Designación de volumen o secuencia |
76 |
| 9 (RLIN) |
10699 |